[Event "SVK-ch U12"]
[Site "Tatralandia"]
[Date "2024.04.12"]
[Round "9"]
[White "Virostko, Silver"]
[Black "Demko, Adam"]
[Result "0-1"]
[WhiteElo "1000"]
[BlackElo "1000"]
[PlyCount "82"]
[EventDate "2024.04.05"]
[EventType "swiss"]
[EventRounds "9"]
[EventCountry "SVK"]
[SourceTitle "CB16_2024"]
[SourceDate "2024.04.17"]
[SourceVersion "1"]
[SourceVersionDate "2024.04.17"]
[SourceQuality "1"]

1. e4 e5 2. Nc3 Bc5 3. Nf3 Nc6 4. Bc4 Nf6 5. Ng5 0-0 6. 0-0 d6 7. d3 Bg4 8. h3 Bxd1 9. Nxd1 d5 10. Bb3 h6 11. Nf3 dxe4 12. dxe4 Nxe4 13. Be3 Bxe3 14. Nxe3 Nd2 15. Nxd2 Qxd2 16. Rad1 Qe2 17. Rde1 Qb5 18. Bc4 Qc5 19. Bd5 Rad8 20. Bc4 b5 21. Be2 Nb4 22. Bd1 Nxa2 23. b3 a5 24. c4 bxc4 25. bxc4 Nc3 26. Bg4 a4 27. Bf3 e4 28. Bg4 g6 29. Kh1 h5 30. Bxh5 gxh5 31. g4 hxg4 32. hxg4 Kg7 33. f3 Rh8+ 34. Kg1 Qd6 35. Rf2 Qg3+ 36. Rg2 Qxe1+ 37. Nf1 exf3 38. Rf2 Ne4 39. Rxf3 Rd2 40. g5 Rhh2 41. Rf4 Rdg2# 0-1